| 000 | 00580nam a2200205Ia 4500 | ||
|---|---|---|---|
| 005 | 20250425162839.0 | ||
| 008 | 250425s9999 xx 000 0 und d | ||
| 020 | _a9780137468041 | ||
| 041 | _aeng | ||
| 082 |
_a660.2842 _pWAN |
||
| 100 | _aWankat, Phillip C. | ||
| 245 | 0 |
_aSeparation process engineering : includes mass transfer analysis _cPhillip C. Wankat |
|
| 250 | _a5th ed. | ||
| 260 |
_aBoston _bPearson Education _c2023 |
||
| 300 | _a1105 páginas | ||
| 650 | _aProcesos de separación | ||
| 650 | _aSeparación (Tecnología) | ||
| 942 | _c01 | ||
| 010 | _a113420 | ||
| 999 |
_c237638 _d237638 |
||